<?xml version="1.0" encoding="UTF-8"?>
<record
    xmlns:xsi="http://www.w3.org/2001/XMLSchema-instance"
    xsi:schemaLocation="http://www.loc.gov/MARC21/slim http://www.loc.gov/standards/marcxml/schema/MARC21slim.xsd"
    xmlns="http://www.loc.gov/MARC21/slim">

  <leader>     nam a22     7a 4500</leader>
  <datafield tag="999" ind1=" " ind2=" ">
    <subfield code="c">56205</subfield>
    <subfield code="d">56205</subfield>
  </datafield>
  <controlfield tag="003">OSt</controlfield>
  <controlfield tag="005">20221220145046.0</controlfield>
  <controlfield tag="008">221220b        xxu||||| |||| 00| 0 eng d</controlfield>
  <datafield tag="040" ind1=" " ind2=" ">
    <subfield code="c">sero soft</subfield>
  </datafield>
  <datafield tag="100" ind1=" " ind2=" ">
    <subfield code="a">Panda P.K</subfield>
  </datafield>
  <datafield tag="245" ind1=" " ind2=" ">
    <subfield code="a">Perspectives of Educational Psychology</subfield>
  </datafield>
  <datafield tag="260" ind1=" " ind2=" ">
    <subfield code="a">Agra</subfield>
    <subfield code="b">Agarwal Publication Agra</subfield>
  </datafield>
  <datafield tag="300" ind1=" " ind2=" ">
    <subfield code="a">608</subfield>
  </datafield>
  <datafield tag="942" ind1=" " ind2=" ">
    <subfield code="2">ddc</subfield>
    <subfield code="c">02</subfield>
  </datafield>
  <datafield tag="952" ind1=" " ind2=" ">
    <subfield code="0">0</subfield>
    <subfield code="1">0</subfield>
    <subfield code="2">ddc</subfield>
    <subfield code="4">0</subfield>
    <subfield code="7">0</subfield>
    <subfield code="a">05</subfield>
    <subfield code="b">05</subfield>
    <subfield code="d">2022-12-20</subfield>
    <subfield code="e">Arista Publisher New Delhi</subfield>
    <subfield code="g">300.00</subfield>
    <subfield code="i">HO/IN/133-12/12/2022</subfield>
    <subfield code="l">0</subfield>
    <subfield code="p">05-B-18271</subfield>
    <subfield code="r">2022-12-20</subfield>
    <subfield code="w">2022-12-20</subfield>
    <subfield code="y">02</subfield>
  </datafield>
  <datafield tag="952" ind1=" " ind2=" ">
    <subfield code="0">0</subfield>
    <subfield code="1">0</subfield>
    <subfield code="2">ddc</subfield>
    <subfield code="4">0</subfield>
    <subfield code="7">0</subfield>
    <subfield code="a">05</subfield>
    <subfield code="b">05</subfield>
    <subfield code="d">2022-12-20</subfield>
    <subfield code="e">Arista Publisher New Delhi</subfield>
    <subfield code="g">300.00</subfield>
    <subfield code="i">HO/IN/133-12/12/2022</subfield>
    <subfield code="l">0</subfield>
    <subfield code="p">05-B-18272</subfield>
    <subfield code="r">2022-12-20</subfield>
    <subfield code="w">2022-12-20</subfield>
    <subfield code="y">02</subfield>
  </datafield>
  <datafield tag="952" ind1=" " ind2=" ">
    <subfield code="0">0</subfield>
    <subfield code="1">0</subfield>
    <subfield code="2">ddc</subfield>
    <subfield code="4">0</subfield>
    <subfield code="7">0</subfield>
    <subfield code="a">05</subfield>
    <subfield code="b">05</subfield>
    <subfield code="d">2022-12-20</subfield>
    <subfield code="e">Arista Publisher New Delhi</subfield>
    <subfield code="g">300.00</subfield>
    <subfield code="i">HO/IN/133-12/12/2022</subfield>
    <subfield code="l">0</subfield>
    <subfield code="p">05-B-18273</subfield>
    <subfield code="r">2022-12-20</subfield>
    <subfield code="w">2022-12-20</subfield>
    <subfield code="y">02</subfield>
  </datafield>
  <datafield tag="952" ind1=" " ind2=" ">
    <subfield code="0">0</subfield>
    <subfield code="1">0</subfield>
    <subfield code="2">ddc</subfield>
    <subfield code="4">0</subfield>
    <subfield code="7">0</subfield>
    <subfield code="a">05</subfield>
    <subfield code="b">05</subfield>
    <subfield code="d">2022-12-20</subfield>
    <subfield code="e">Arista Publisher New Delhi</subfield>
    <subfield code="g">300.00</subfield>
    <subfield code="i">HO/IN/133-12/12/2022</subfield>
    <subfield code="l">0</subfield>
    <subfield code="p">05-B-18274</subfield>
    <subfield code="r">2022-12-20</subfield>
    <subfield code="w">2022-12-20</subfield>
    <subfield code="y">02</subfield>
  </datafield>
  <datafield tag="952" ind1=" " ind2=" ">
    <subfield code="0">0</subfield>
    <subfield code="1">0</subfield>
    <subfield code="2">ddc</subfield>
    <subfield code="4">0</subfield>
    <subfield code="7">0</subfield>
    <subfield code="a">05</subfield>
    <subfield code="b">05</subfield>
    <subfield code="d">2022-12-20</subfield>
    <subfield code="e">Arista Publisher New Delhi</subfield>
    <subfield code="g">300.00</subfield>
    <subfield code="i">HO/IN/133-12/12/2022</subfield>
    <subfield code="l">0</subfield>
    <subfield code="p">05-B-18275</subfield>
    <subfield code="r">2022-12-20</subfield>
    <subfield code="w">2022-12-20</subfield>
    <subfield code="y">02</subfield>
  </datafield>
  <datafield tag="952" ind1=" " ind2=" ">
    <subfield code="0">0</subfield>
    <subfield code="1">0</subfield>
    <subfield code="2">ddc</subfield>
    <subfield code="4">0</subfield>
    <subfield code="7">0</subfield>
    <subfield code="a">05</subfield>
    <subfield code="b">05</subfield>
    <subfield code="d">2022-12-20</subfield>
    <subfield code="e">Arista Publisher New Delhi</subfield>
    <subfield code="g">300.00</subfield>
    <subfield code="i">HO/IN/133-12/12/2022</subfield>
    <subfield code="l">0</subfield>
    <subfield code="p">05-B-18276</subfield>
    <subfield code="r">2022-12-20</subfield>
    <subfield code="w">2022-12-20</subfield>
    <subfield code="y">02</subfield>
  </datafield>
  <datafield tag="952" ind1=" " ind2=" ">
    <subfield code="0">0</subfield>
    <subfield code="1">0</subfield>
    <subfield code="2">ddc</subfield>
    <subfield code="4">0</subfield>
    <subfield code="7">0</subfield>
    <subfield code="a">05</subfield>
    <subfield code="b">05</subfield>
    <subfield code="d">2022-12-20</subfield>
    <subfield code="e">Arista Publisher New Delhi</subfield>
    <subfield code="g">300.00</subfield>
    <subfield code="i">HO/IN/133-12/12/2022</subfield>
    <subfield code="l">0</subfield>
    <subfield code="p">05-B-18277</subfield>
    <subfield code="r">2022-12-20</subfield>
    <subfield code="w">2022-12-20</subfield>
    <subfield code="y">02</subfield>
  </datafield>
  <datafield tag="952" ind1=" " ind2=" ">
    <subfield code="0">0</subfield>
    <subfield code="1">0</subfield>
    <subfield code="2">ddc</subfield>
    <subfield code="4">0</subfield>
    <subfield code="7">0</subfield>
    <subfield code="a">05</subfield>
    <subfield code="b">05</subfield>
    <subfield code="d">2022-12-20</subfield>
    <subfield code="e">Arista Publisher New Delhi</subfield>
    <subfield code="g">300.00</subfield>
    <subfield code="i">HO/IN/133-12/12/2022</subfield>
    <subfield code="l">0</subfield>
    <subfield code="p">05-B-18278</subfield>
    <subfield code="r">2022-12-20</subfield>
    <subfield code="w">2022-12-20</subfield>
    <subfield code="y">02</subfield>
  </datafield>
  <datafield tag="952" ind1=" " ind2=" ">
    <subfield code="0">0</subfield>
    <subfield code="1">0</subfield>
    <subfield code="2">ddc</subfield>
    <subfield code="4">0</subfield>
    <subfield code="7">0</subfield>
    <subfield code="a">05</subfield>
    <subfield code="b">05</subfield>
    <subfield code="d">2022-12-20</subfield>
    <subfield code="e">Arista Publisher New Delhi</subfield>
    <subfield code="g">300.00</subfield>
    <subfield code="i">HO/IN/133-12/12/2022</subfield>
    <subfield code="l">0</subfield>
    <subfield code="p">05-B-18279</subfield>
    <subfield code="r">2022-12-20</subfield>
    <subfield code="w">2022-12-20</subfield>
    <subfield code="y">02</subfield>
  </datafield>
  <datafield tag="952" ind1=" " ind2=" ">
    <subfield code="0">0</subfield>
    <subfield code="1">0</subfield>
    <subfield code="2">ddc</subfield>
    <subfield code="4">0</subfield>
    <subfield code="7">0</subfield>
    <subfield code="a">05</subfield>
    <subfield code="b">05</subfield>
    <subfield code="d">2022-12-20</subfield>
    <subfield code="e">Arista Publisher New Delhi</subfield>
    <subfield code="g">300.00</subfield>
    <subfield code="i">HO/IN/133-12/12/2022</subfield>
    <subfield code="l">0</subfield>
    <subfield code="p">05-B-18280</subfield>
    <subfield code="r">2022-12-20</subfield>
    <subfield code="w">2022-12-20</subfield>
    <subfield code="y">02</subfield>
  </datafield>
</record>
